[Event "DVM U12 2017"]
[Site "Magdeburg GER"]
[Date "2017.12.28"]
[Round "4"]
[White "Reichmann, Felix"]
[Black "Popovici, Liviu-Daniel"]
[Result "0-1"]
[Termination "normal"]
[Board "5.3"]
[WhiteElo "1628"]
[BlackElo "1213"]
[WhiteClock "00:59:55"]
[BlackClock "00:49:56"]
[WhiteTeam "SF Nordost Berlin"]
[BlackTeam "SC Tarrasch 45 München"]
[PlyCount "44"]
[WhiteFideId "16238290"]
[BlackFideId "1253689"]
[EventCountry "GER"]
[EventRounds "7"]
[EventType "team-swiss"]
[EventDate "2017.12.26"]

1. c4 {[%clk 1:30:59]} e5 {[%clk 1:30:52]} 2. g3 {[%clk 1:31:24]} Nf6 {[%clk
1:31:12]} 3. Bg2 {[%clk 1:31:52]} c6 {[%clk 1:31:31]} 4. d4 {[%clk 1:32:11]} e4
{[%clk 1:31:54]} 5. Nc3 {[%clk 1:32:31]} d5 {[%clk 1:32:14]} 6. Bg5 {[%clk
1:32:21]} Nbd7 {[%clk 1:32:20]} 7. cxd5 cxd5 8. Nxd5 {[%clk 1:32:33]} Qa5+
{[%clk 1:32:23]} 9. Nc3 {[%clk 1:32:59]} Qxg5 {[%clk 1:32:41]} 10. Nxe4 {[%clk
1:32:40]} Nxe4 {[%clk 1:31:34]} 11. Bxe4 {[%clk 1:33:03]} Bb4+ {[%clk 1:30:45]}
12. Kf1 {[%clk 1:33:31]} O-O {[%clk 1:30:29]} 13. Qb3 {[%clk 1:33:36]} Qe7
{[%clk 1:27:11]} 14. Bg2 {[%clk 1:32:20]} Nf6 {[%clk 1:25:32]} 15. a3 {[%clk
1:31:40]} Bd6 {[%clk 1:25:49]} 16. f3 {[%clk 1:25:57]} Re8 {[%clk 1:24:00]} 17.
e4 {[%clk 1:25:36]} Bc7 {[%clk 1:19:53]} 18. Rd1 {[%clk 1:17:32]} Bd7 {[%clk
1:13:56]} 19. e5 {[%clk 1:14:03]} Nh5 {[%clk 1:01:43]} 20. f4 {[%clk 1:12:46]}
Rab8 {[%clk 0:56:54]} 21. Qc4 {[%clk 1:05:15]} a6 {[%clk 0:50:32]} 22. Qxc7
{[%clk 0:59:55]} Bb5+ {[%clk 0:49:56]} 0-1

[Event "DVM U12 2017"]
[Site "Magdeburg GER"]
[Date "2017.12.28"]
[Round "4"]
[White "Lipinsky, Pierre"]
[Black "Beck, Felix"]
[Result "0-1"]
[Termination "normal"]
[Board "5.4"]
[WhiteElo "1190"]
[BlackElo "1409"]
[WhiteClock "01:02:56"]
[BlackClock "01:06:21"]
[WhiteTeam "SC Tarrasch 45 München"]
[BlackTeam "SF Nordost Berlin"]
[PlyCount "102"]
[WhiteFideId "16206290"]
[BlackFideId "16255364"]
[EventCountry "GER"]
[EventRounds "7"]
[EventType "team-swiss"]
[EventDate "2017.12.26"]

1. e4 c6 2. d4 d5 3. Nc3 dxe4 4. Nxe4 Bf5 5. Ng3 Bg6 6. Nf3 Nd7 7. Bf4 Ngf6 8.
h4 h6 9. h5 Bh7 10. Bd3 Bxd3 11. Qxd3 e6 12. O-O-O Be7 {[%clk 1:30:23]} 13. Ne4
{[%clk 1:32:33]} O-O {[%clk 1:16:22]} 14. Rdg1 {[%clk 1:31:56]} Qa5 {[%clk
1:13:58]} 15. Kb1 {[%clk 1:29:55]} Qf5 {[%clk 1:11:42]} 16. Nxf6+ {[%clk
1:26:44]} Nxf6 {[%clk 1:09:38]} 17. Qe3 {[%clk 1:19:25]} Nd5 {[%clk 1:08:12]}
18. g4 {[%clk 1:16:57]} Qxf4 {[%clk 1:07:19]} 19. Qxf4 {[%clk 1:16:46]} Nxf4
{[%clk 1:07:40]} 20. c4 {[%clk 1:16:54]} Nd3 {[%clk 1:04:06]} 21. Rh2 {[%clk
1:09:37]} Bd6 {[%clk 1:02:30]} 22. Rhg2 {[%clk 1:06:25]} Nf4 {[%clk 1:02:09]}
23. Rg3 {[%clk 1:04:29]} Ne2 {[%clk 1:02:23]} 24. R3g2 {[%clk 1:03:41]} Nxg1
25. Rxg1 {[%clk 1:04:10]} Be7 {[%clk 1:00:45]} 26. Ne5 {[%clk 1:02:27]} Bf6
{[%clk 1:00:50]} 27. f4 {[%clk 1:02:05]} Bxe5 {[%clk 1:00:55]} 28. dxe5 {[%clk
1:02:22]} f6 {[%clk 1:01:01]} 29. exf6 {[%clk 1:01:19]} gxf6 {[%clk 1:01:05]}
30. f5 {[%clk 1:01:06]} e5 {[%clk 1:01:23]} 31. g5 {[%clk 1:00:03]} hxg5 {[%clk
1:01:37]} 32. h6 {[%clk 1:00:07]} Kh7 {[%clk 1:01:59]} 33. Rh1 {[%clk 0:59:56]}
Rad8 {[%clk 1:02:11]} 34. Kc2 {[%clk 1:00:04]} Rd4 {[%clk 1:02:32]} 35. Kc3
{[%clk 1:00:22]} Rfd8 {[%clk 1:02:30]} 36. Rh3 {[%clk 0:59:53]} b5 {[%clk
1:02:27]} 37. cxb5 {[%clk 0:59:44]} cxb5 {[%clk 1:02:47]} 38. b4 {[%clk
1:00:01]} Rh4 {[%clk 1:02:39]} 39. Re3 {[%clk 0:59:34]} Kxh6 {[%clk 1:02:49]}
40. a3 {[%clk 0:59:40]} Rf4 {[%clk 1:03:06]} 41. Rh3+ {[%clk 0:59:53]} Kg7
{[%clk 1:03:30]} 42. Re3 {[%clk 0:59:44]} Rxf5 {[%clk 1:03:46]} 43. Rg3 {[%clk
1:00:04]} e4 {[%clk 1:03:50]} 44. Re3 {[%clk 1:00:26]} Rf3 {[%clk 1:04:13]} 45.
Rxf3 {[%clk 1:00:46]} exf3 {[%clk 1:04:39]} 46. Kb3 {[%clk 1:01:08]} f2 {[%clk
1:05:04]} 47. a4 {[%clk 1:01:34]} f1=Q {[%clk 1:05:25]} 48. axb5 {[%clk
1:01:56]} Qxb5 {[%clk 1:05:42]} 49. Ka3 {[%clk 1:02:16]} Rd3+ {[%clk 1:05:55]}
50. Kb2 {[%clk 1:02:38]} Qxb4+ {[%clk 1:06:21]} 51. Ka2 {[%clk 1:02:56]} Ra3#
0-1

[Event "DVM U12 2017"]
[Site "Magdeburg GER"]
[Date "2017.12.28"]
[Round "4"]
[White "Toval, David"]
[Black "Pikalow, Michael"]
[Result "1/2-1/2"]
[Termination "normal"]
[Board "6.1"]
[WhiteElo "1798"]
[BlackElo "1504"]
[WhiteClock "00:24:59"]
[BlackClock "00:20:15"]
[WhiteTeam "SK Münster"]
[BlackTeam "USC Magdeburg"]
[PlyCount "65"]
[WhiteFideId "12992755"]
[BlackFideId "16227638"]
[EventCountry "GER"]
[EventRounds "7"]
[EventType "team-swiss"]
[EventDate "2017.12.26"]

1. e4 c5 2. c3 Nf6 3. e5 Nd5 4. d4 cxd4 5. Nf3 Nc6 6. cxd4 {[%clk 1:32:43]} d6
{[%clk 1:21:50]} 7. Bc4 {[%clk 1:31:36]} Nb6 {[%clk 1:22:11]} 8. Bb5 {[%clk
1:32:01]} a6 {[%clk 1:14:25]} 9. Bd3 {[%clk 1:31:18]} dxe5 {[%clk 1:14:11]} 10.
dxe5 {[%clk 1:31:35]} Nb4 {[%clk 1:12:53]} 11. Be4 {[%clk 1:28:32]} Qxd1+
{[%clk 1:10:48]} 12. Kxd1 {[%clk 1:28:47]} f5 {[%clk 0:58:02]} 13. exf6 {[%clk
1:27:50]} exf6 {[%clk 0:53:31]} 14. Re1 {[%clk 1:27:56]} Be7 {[%clk 0:53:38]}
15. a3 {[%clk 1:27:44]} N4d5 {[%clk 0:51:24]} 16. Ke2 {[%clk 1:26:43]} O-O
{[%clk 0:49:02]} 17. Kf1 {[%clk 1:26:52]} f5 {[%clk 0:49:01]} 18. Bc2 {[%clk
1:21:31]} Bf6 {[%clk 0:47:48]} 19. Bb3 {[%clk 1:19:15]} Kh8 {[%clk 0:47:43]}
20. Nbd2 {[%clk 1:16:29]} Bd7 {[%clk 0:46:19]} 21. Kg1 {[%clk 1:05:50]} Rac8
{[%clk 0:45:09]} 22. Nf1 {[%clk 1:05:32]} Rfe8 {[%clk 0:43:56]} 23. Rd1 {[%clk
1:04:25]} Bc6 {[%clk 0:38:21]} 24. Ng3 {[%clk 1:02:12]} g6 {[%clk 0:36:07]} 25.
Ng5 {[%clk 1:00:26]} Re7 {[%clk 0:33:38]} 26. h4 {[%clk 0:49:49]} h6 {[%clk
0:28:31]} 27. Nf3 {[%clk 0:49:13]} f4 {[%clk 0:27:59]} 28. Nf1 {[%clk 0:47:37]}
Re2 {[%clk 0:27:26]} 29. Nd4 {[%clk 0:46:04]} Re7 {[%clk 0:24:26]} 30. Nxc6
{[%clk 0:37:34]} bxc6 {[%clk 0:24:30]} 31. Bc2 {[%clk 0:37:25]} Kg7 {[%clk
0:23:09]} 32. Bd3 {[%clk 0:33:40]} a5 {[%clk 0:20:15]} 33. h5 {[%clk 0:24:59]}
1/2-1/2

[Event "DVM U12 2017"]
[Site "Magdeburg GER"]
[Date "2017.12.28"]
[Round "4"]
[White "Tenbosch, Till Theo"]
[Black "Herter, Arne"]
[Result "0-1"]
[Termination "normal"]
[Board "6.3"]
[WhiteElo "1030"]
[BlackElo "1342"]
[WhiteClock "00:52:25"]
[BlackClock "00:50:40"]
[WhiteTeam "SK Münster"]
[BlackTeam "USC Magdeburg"]
[PlyCount "70"]
[WhiteFideId "16255461"]
[BlackFideId "16255372"]
[EventCountry "GER"]
[EventRounds "7"]
[EventType "team-swiss"]
[EventDate "2017.12.26"]

1. d4 Nf6 2. Bf4 g6 3. e3 Bg7 4. Be2 O-O 5. Nf3 c6 6. Nbd2 d5 7. c3 Bf5 8. Qb3
{[%clk 1:31:50]} b5 {[%clk 1:23:16]} 9. a4 {[%clk 1:30:13]} bxa4 {[%clk
1:19:00]} 10. Qb7 {[%clk 1:29:19]} Qb6 {[%clk 1:09:14]} 11. Qxb6 {[%clk
1:23:34]} axb6 {[%clk 1:09:32]} 12. Ne5 {[%clk 1:19:58]} Nfd7 {[%clk 1:06:10]}
13. Ndf3 {[%clk 1:19:12]} Be4 {[%clk 1:01:55]} 14. Ng4 {[%clk 1:13:50]} h5
{[%clk 0:59:32]} 15. Nge5 {[%clk 1:11:01]} Nxe5 {[%clk 0:58:23]} 16. Bxe5
{[%clk 1:10:45]} Bxe5 {[%clk 0:58:31]} 17. dxe5 {[%clk 1:11:00]} Nd7 {[%clk
0:57:52]} 18. O-O {[%clk 1:10:31]} Bxf3 {[%clk 0:57:47]} 19. Bxf3 {[%clk
1:10:38]} Nxe5 {[%clk 0:58:06]} 20. Be2 {[%clk 1:10:56]} b5 {[%clk 0:57:29]}
21. Ra2 {[%clk 1:10:36]} f5 {[%clk 0:55:52]} 22. Rfa1 {[%clk 1:10:17]} Nc4
{[%clk 0:53:51]} 23. b3 {[%clk 1:08:04]} Nb6 {[%clk 0:53:55]} 24. Bd1 {[%clk
1:08:04]} axb3 {[%clk 0:53:31]} 25. Bxb3 {[%clk 1:07:04]} Kg7 {[%clk 0:53:03]}
26. h4 {[%clk 0:59:02]} Rxa2 {[%clk 0:51:33]} 27. Rxa2 {[%clk 0:59:24]} Ra8 28.
Rxa8 {[%clk 0:59:32]} Nxa8 {[%clk 0:51:23]} 29. f4 {[%clk 0:59:16]} Nb6 {[%clk
0:51:34]} 30. Kf2 {[%clk 0:56:23]} Na4 {[%clk 0:50:59]} 31. Ke2 {[%clk
0:54:24]} Nxc3+ {[%clk 0:51:21]} 32. Kd3 {[%clk 0:54:36]} Ne4 {[%clk 0:51:08]}
33. Kd4 {[%clk 0:54:26]} e6 {[%clk 0:50:56]} 34. Ke5 {[%clk 0:54:03]} Kf7
{[%clk 0:51:11]} 35. Bc2 {[%clk 0:52:25]} Ke7 {[%clk 0:50:40]} 0-1

[Event "DVM U12 2017"]
[Site "Magdeburg GER"]
[Date "2017.12.28"]
[Round "4"]
[White "Schiffner, Robin"]
[Black "Weidemann, Jakob"]
[Result "0-1"]
[Termination "normal"]
[Board "6.4"]
[WhiteElo "1382"]
[BlackElo "963"]
[WhiteClock "00:32:18"]
[BlackClock "01:22:22"]
[WhiteTeam "USC Magdeburg"]
[BlackTeam "SK Münster"]
[PlyCount "70"]
[WhiteFideId "16210328"]
[BlackFideId "16255470"]
[EventCountry "GER"]
[EventRounds "7"]
[EventType "team-swiss"]
[EventDate "2017.12.26"]

1. e4 {[%clk 1:30:58]} c5 {[%clk 1:30:54]} 2. Nf3 {[%clk 1:31:24]} d6 {[%clk
1:30:35]} 3. d4 {[%clk 1:31:45]} cxd4 {[%clk 1:30:55]} 4. Nxd4 {[%clk 1:32:07]}
Nf6 {[%clk 1:31:19]} 5. Nc3 {[%clk 1:32:30]} g6 {[%clk 1:31:37]} 6. Be2 {[%clk
1:32:32]} Bg7 {[%clk 1:31:26]} 7. Be3 {[%clk 1:32:28]} Nc6 {[%clk 1:31:25]} 8.
Qd2 {[%clk 1:32:03]} Bd7 {[%clk 1:31:20]} 9. O-O {[%clk 1:31:59]} O-O {[%clk
1:31:33]} 10. Bh6 {[%clk 1:32:07]} Bxh6 {[%clk 1:31:30]} 11. Qxh6 {[%clk
1:32:30]} Nxd4 {[%clk 1:31:34]} 12. Bc4 {[%clk 1:32:15]} Rc8 {[%clk 1:31:21]}
13. Bd3 {[%clk 1:32:32]} Qb6 {[%clk 1:29:42]} 14. Rab1 {[%clk 1:31:59]} a6
{[%clk 1:29:14]} 15. f4 {[%clk 1:31:08]} Nf5+ {[%clk 1:29:32]} 16. Kh1 {[%clk
1:30:16]} Nxh6 {[%clk 1:29:57]} 17. f5 {[%clk 1:30:33]} Nhg4 {[%clk 1:30:05]}
18. fxg6 {[%clk 1:30:21]} hxg6 19. Rf3 Nf2+ {[%clk 1:28:44]} 20. Kg1 {[%clk
1:30:04]} Nxd3+ {[%clk 1:28:24]} 21. Kf1 {[%clk 1:30:23]} Rxc3 {[%clk 1:28:12]}
22. cxd3 {[%clk 1:30:32]} Qd4 {[%clk 1:28:10]} 23. bxc3 {[%clk 1:29:26]} Qxc3
{[%clk 1:28:11]} 24. Rxb7 {[%clk 1:24:30]} Qd2 {[%clk 1:28:01]} 25. h3 {[%clk
1:20:09]} Rc8 {[%clk 1:26:49]} 26. Kg1 {[%clk 1:03:17]} Rc2 {[%clk 1:25:08]}
27. Rg3 {[%clk 0:56:48]} Rc1+ {[%clk 1:24:42]} 28. Kh2 {[%clk 0:55:50]} Qf4
{[%clk 1:24:59]} 29. Rb3 {[%clk 0:49:58]} Bb5 {[%clk 1:24:26]} 30. d4 {[%clk
0:45:00]} Nxe4 {[%clk 1:24:12]} 31. Rbf3 {[%clk 0:42:17]} Qd2 {[%clk 1:24:02]}
32. Rg4 {[%clk 0:37:28]} Be2 {[%clk 1:23:33]} 33. Rff4 {[%clk 0:33:33]} Bxg4
{[%clk 1:22:33]} 34. Rxg4 {[%clk 0:33:50]} Nf2 {[%clk 1:22:22]} 35. Rg3 {[%clk
0:32:18]} Rh1# 0-1

[Event "DVM U12 2017"]
[Site "Magdeburg GER"]
[Date "2017.12.28"]
[Round "4"]
[White "Wiedersich, Hendryk"]
[Black "Kalina, Lena"]
[Result "1-0"]
[Termination "normal"]
[Board "7.1"]
[WhiteElo "1447"]
[BlackElo "1440"]
[WhiteTeam "SV Dresden-Leuben"]
[BlackTeam "SC Landskrone"]
[PlyCount "119"]
[WhiteFideId "16255399"]
[BlackFideId "12988014"]
[EventCountry "GER"]
[EventRounds "7"]
[EventType "team-swiss"]
[EventDate "2017.12.26"]

1. d4 Nf6 2. Nc3 g6 3. Bg5 Bg7 4. e4 d6 5. Bc4 O-O 6. Qe2 c5 7. e5 dxe5 8. dxe5
Ne8 9. Nd5 Nc6 10. O-O-O Bd7 11. e6 fxe6 12. Nf4 Nd4 13. Qg4 Nf6 14. Nxe6 Nxg4
15. Nxd8+ Kh8 16. Nf7+ Rxf7 17. Bxf7 Nxf2 18. Nh3 Nxh1 19. Rxh1 Bxh3 20. gxh3
e6 21. c3 Nf3 22. Be3 Rf8 23. Bxe6 Re8 24. Rd1 h6 25. Bxc5 Rxe6 26. Rd8+ Kh7
27. Rd7 Re8 28. Rxb7 a6 29. Ra7 Rc8 30. Bd6 Re8 31. Rxa6 Re1+ 32. Kc2 Re2+ 33.
Kb3 Nxh2 34. Ra7 Kg8 35. a4 Nf3 36. a5 Re6 37. Bb4 Ne5 38. a6 Rb6 39. Ka4 Rb8
40. Rb7 Ra8 41. Kb5 Bf6 42. a7 Bd8 43. Bc5 Nf7 44. Rb8 Rxa7 45. Bxa7 Kg7 46.
Bd4+ Kh7 47. c4 Bg5 48. c5 Bf4 49. Rb7 Kg8 50. Rb6 Kh7 51. Rf6 g5 52. Rxf7+ Kg6
53. Rg7+ Kh5 54. Bf2 Be5 55. Rg8 Bxb2 56. c6 Be5 57. Kb6 Bb8 58. c7 Bxc7+ 59.
Kxc7 g4 60. hxg4# 1-0

[Event "DVM U12 2017"]
[Site "Magdeburg GER"]
[Date "2017.12.28"]
[Round "4"]
[White "Müller, Maurice-Pascal"]
[Black "Phan Trong, Dai"]
[Result "1-0"]
[Termination "normal"]
[Board "7.2"]
[WhiteElo "1403"]
[BlackElo "1587"]
[WhiteTeam "SC Landskrone"]
[BlackTeam "SV Dresden-Leuben"]
[PlyCount "67"]
[WhiteFideId "16243340"]
[BlackFideId "16236939"]
[EventCountry "GER"]
[EventRounds "7"]
[EventType "team-swiss"]
[EventDate "2017.12.26"]

1. e4 e5 2. Nf3 Nc6 3. d4 exd4 4. Bc4 Nf6 5. Bg5 d6 6. Nxd4 Be7 7. Nxc6 bxc6 8.
Nc3 O-O 9. Qd3 Rb8 10. O-O-O Nd7 11. Bxe7 Qxe7 12. f4 Nc5 13. Qf3 Be6 14. Bxe6
fxe6 15. Rhf1 Nd7 16. g4 d5 17. exd5 cxd5 18. Rde1 Qb4 19. Nd1 Qd6 20. Qe3 Rb6
21. Qg3 Rc6 22. Re3 Rc4 23. Ref3 Qa6 24. a3 Nc5 25. Qg2 Ne4 26. f5 e5 27. g5
Rf7 28. Ne3 Rc5 29. Ng4 Nxg5 30. Rb3 Rf8 31. f6 e4 32. Ne5 Rd8 33. f7+ Kf8 34.
Nd7+ 1-0

[Event "DVM U12 2017"]
[Site "Magdeburg GER"]
[Date "2017.12.28"]
[Round "4"]
[White "Hentschel, Lena"]
[Black "Behr, Julian"]
[Result "1/2-1/2"]
[Termination "normal"]
[Board "7.3"]
[WhiteElo "1449"]
[BlackElo "1282"]
[WhiteTeam "SV Dresden-Leuben"]
[BlackTeam "SC Landskrone"]
[PlyCount "103"]
[WhiteFideId "16240324"]
[BlackFideId "16255410"]
[EventCountry "GER"]
[EventRounds "7"]
[EventType "team-swiss"]
[EventDate "2017.12.26"]

1. d4 d5 2. Bf4 Nc6 3. Nf3 Nf6 4. e3 Bf5 5. c3 e6 6. Bd3 Bg6 7. O-O Bd6 8. Bg5
h6 9. Bh4 O-O 10. Qc2 Bxd3 11. Qxd3 Re8 12. Nbd2 e5 13. dxe5 Nxe5 14. Nxe5 Bxe5
15. Nf3 Bd6 16. Bxf6 Qxf6 17. Qxd5 c6 18. Qd4 Qxd4 19. Nxd4 Rad8 20. Rad1 Bc7
21. h3 Bb6 22. Nf5 a6 23. a3 a5 24. Rfe1 f6 25. Kf1 Ba7 26. Ke2 Bb6 27. Rxd8
Rxd8 28. Rd1 Rxd1 29. Kxd1 Bc7 30. Kd2 Kf7 31. Kd3 h5 32. b4 g6 33. Nd4 f5 34.
b5 c5 35. Nb3 b6 36. a4 Ke6 37. f4 Kf6 38. h4 Ke6 39. g3 Kd5 40. Nd2 Ke6 41. e4
Kf6 42. e5+ Ke6 43. Kc4 Bxe5 44. fxe5 Kxe5 45. Kd3 f4 46. Nf3+ Kf5 47. gxf4
Kxf4 48. Ke2 Ke4 49. c4 Kf4 50. Kf2 Ke4 51. Ke2 Kf4 52. Kf2 1/2-1/2

[Event "DVM U12 2017"]
[Site "Magdeburg GER"]
[Date "2017.12.28"]
[Round "4"]
[White "Dittenberger, Nico"]
[Black "von Rechenberg, Johannes Paul"]
[Result "0-1"]
[Termination "normal"]
[Board "7.4"]
[WhiteElo "1229"]
[BlackElo "1243"]
[WhiteTeam "SC Landskrone"]
[BlackTeam "SV Dresden-Leuben"]
[PlyCount "80"]
[WhiteFideId "12996254"]
[BlackFideId "16224892"]
[EventCountry "GER"]
[EventRounds "7"]
[EventType "team-swiss"]
[EventDate "2017.12.26"]

1. e4 e5 2. Nf3 Nc6 3. Bc4 Bc5 4. c3 d6 5. d3 Bg4 6. Nbd2 Nf6 7. h3 Be6 8. Bb3
O-O 9. Ng5 Qe7 10. Nf1 h6 11. Nxe6 fxe6 12. Ng3 Kh8 13. Be3 Bb6 14. Qd2 Bxe3
15. Qxe3 b6 16. Rc1 Rad8 17. d4 exd4 18. cxd4 Na5 19. Bc2 c5 20. e5 dxe5 21.
dxe5 Nd7 22. Qd3 g6 23. Qxg6 Nxe5 24. Qxh6+ Kg8 25. Ne4 Nd3+ 26. Bxd3 Rxd3 27.
Ng3 Rd6 28. Ne4 Rd4 29. Ng5 Rd6 30. Rd1 Rxd1+ 31. Kxd1 e5 32. Re1 Rxf2 33. Qg6+
Kh8 34. Re2 Rf1+ 35. Re1 Rf2 36. Qh6+ Kg8 37. Ne4 Qd7+ 38. Nd6 Qa4+ 39. b3 Qd4+
40. Kc1 Qa1# 0-1

[Event "DVM U12 2017"]
[Site "Magdeburg GER"]
[Date "2017.12.28"]
[Round "4"]
[White "Kittel, Lennart"]
[Black "Lauterbach, Kolja"]
[Result "1/2-1/2"]
[Termination "normal"]
[Board "8.1"]
[WhiteElo "1116"]
[BlackElo "1683"]
[WhiteTeam "SF 1876 Göppingen"]
[BlackTeam "SK Freiburg-Zähringen"]
[PlyCount "82"]
[WhiteFideId "16254171"]
[BlackFideId "16235916"]
[EventCountry "GER"]
[EventRounds "7"]
[EventType "team-swiss"]
[EventDate "2017.12.26"]

1. d4 f5 2. c4 Nf6 3. Nf3 g6 4. Nc3 Bg7 5. Bf4 d6 6. g3 O-O 7. Bg2 Nc6 8. Qd2
Qe8 9. Bh6 e5 10. dxe5 dxe5 11. Nd5 Qf7 12. Nxf6+ Qxf6 13. Bxg7 Kxg7 14. Qc3
Be6 15. b3 Rad8 16. O-O e4 17. Qxf6+ Kxf6 18. Ne1 Rd2 19. e3 Rfd8 20. f3 Ke5
21. Rf2 Rxf2 22. Kxf2 Rd2+ 23. Kf1 Nb4 24. a3 Nd3 25. Nxd3+ Rxd3 26. Rb1 Rxe3
27. Kf2 Rd3 28. fxe4 fxe4 29. Re1 Bf5 30. g4 e3+ 31. Rxe3+ Rxe3 32. Kxe3 Bxg4
33. Bxb7 Bf5 34. Bc6 Kd6 35. Ba4 c6 36. b4 h5 37. h4 Be6 38. Bc2 Bf7 39. Kd4
Be8 40. Bd3 Bf7 41. Be4 Be8 1/2-1/2

[Event "DVM U12 2017"]
[Site "Magdeburg GER"]
[Date "2017.12.28"]
[Round "4"]
[White "Cilo, Selimhan"]
[Black "Tolstorukova, Amelie"]
[Result "0-1"]
[Termination "normal"]
[Board "8.3"]
[WhiteElo "1053"]
[BlackElo "1223"]
[WhiteTeam "SF 1876 Göppingen"]
[BlackTeam "SK Freiburg-Zähringen"]
[PlyCount "116"]
[WhiteFideId "16246756"]
[BlackFideId "16255496"]
[EventCountry "GER"]
[EventRounds "7"]
[EventType "team-swiss"]
[EventDate "2017.12.26"]

1. e4 e6 2. d4 d5 3. e5 c5 4. c3 Qb6 5. Nf3 Nc6 6. Qb3 cxd4 7. Qxb6 axb6 8.
cxd4 Bb4+ 9. Nc3 Nh6 10. Bxh6 gxh6 11. Bb5 Bd7 12. O-O Bxc3 13. bxc3 Nxe5 14.
Bxd7+ Nxd7 15. Rfc1 Rc8 16. Rc2 Rg8 17. Rac1 b5 18. Rb1 b6 19. Rxb5 Rb8 20. Rb4
b5 21. Rc1 Nf6 22. a4 Nh5 23. g3 Nf4 24. Rxb5 Rxb5 25. axb5 Ne2+ 26. Kf1 Nxc1
27. Ne5 f6 28. Nc6 Kd7 29. Na7 Kc7 30. Nc6 Kb6 31. Ne7 Rg7 32. Nc8+ Kc7 33. b6+
Kxc8 34. b7+ Rxb7 35. Kg2 Rb3 36. Kh3 Rxc3 37. Kh4 Rd3 38. Kh5 Rxd4 39. Kxh6
Rd2 40. h4 Rxf2 41. h5 Rh2 42. g4 d4 43. Kxh7 d3 44. Kg7 d2 45. h6 d1=Q 46. h7
Qxg4+ 47. Kh8 Qh5 48. Kg7 f5 49. Kf6 f4 50. Kxe6 f3 51. Ke7 f2 52. Kd6 f1=R 53.
Kc6 Rc2+ 54. Kd6 Rd1+ 55. Ke7 Re2+ 56. Kf8 Rf1+ 57. Kg7 Rg2+ 58. Kh8 Qe8# 0-1

[Event "DVM U12 2017"]
[Site "Magdeburg GER"]
[Date "2017.12.28"]
[Round "4"]
[White "Trimpin, Fynn"]
[Black "Schedel, Loris"]
[Result "1/2-1/2"]
[Termination "normal"]
[Board "8.4"]
[WhiteElo "1028"]
[BlackElo "1040"]
[WhiteTeam "SK Freiburg-Zähringen"]
[BlackTeam "SF 1876 Göppingen"]
[PlyCount "42"]
[WhiteFideId "16255500"]
[BlackFideId "16255542"]
[EventCountry "GER"]
[EventRounds "7"]
[EventType "team-swiss"]
[EventDate "2017.12.26"]

1. Nf3 d5 2. d3 Nc6 3. Nbd2 e5 4. e4 d4 5. g3 Nge7 6. Bg2 Bg4 7. O-O Ng6 8. c3
Bc5 9. Qc2 O-O 10. Re1 Be7 11. Nb3 Bh4 12. h3 Bxf3 13. Bxf3 Re8 14. cxd4 Re6
15. d5 Rf6 16. Qe2 Nce7 17. Be3 h6 18. Nd2 c6 19. Nf1 cxd5 20. exd5 Nxd5 21.
Bd2 Rc8 1/2-1/2

[Event "DVM U12 2017"]
[Site "Magdeburg GER"]
[Date "2017.12.28"]
[Round "4"]
[White "Quinque, Pepe"]
[Black "Strehse, Nelson"]
[Result "0-1"]
[Termination "normal"]
[Board "9.1"]
[WhiteElo "992"]
[BlackElo "1172"]
[WhiteTeam "VfL Gräfenhainichen"]
[BlackTeam "Klub Kölner SF"]
[PlyCount "59"]
[WhiteFideId "16255550"]
[BlackFideId "16228898"]
[EventCountry "GER"]
[EventRounds "7"]
[EventType "team-swiss"]
[EventDate "2017.12.26"]

1. e4 e5 2. Nf3 Nc6 3. d4 exd4 4. Bc4 Bc5 5. c3 dxc3 6. Bxf7+ Kxf7 7. Qd5+ Ke8
8. Qxc5 Qe7 9. Qxc3 Qxe4+ 10. Be3 Nf6 11. O-O Qb4 12. Qc2 Qe4 13. Qd2 Ne5 14.
Nxe5 Qxe5 15. Bf4 Qc5 16. Nc3 d6 17. Rae1+ Kf7 18. Re2 Bg4 19. Re3 Rae8 20. Rg3
Kg8 21. Bg5 Ne4 22. Nxe4 Rxe4 23. Kh1 Bf5 24. Bf6 Bg6 25. f3 Re6 26. b4 Qb5 27.
Rc1 Rxf6 28. Rg5 Rf5 29. Rg4 Rd5 30. h3 0-1

[Event "DVM U12 2017"]
[Site "Magdeburg GER"]
[Date "2017.12.28"]
[Round "4"]
[White "Thürbach, Peter"]
[Black "Nguyen, Alex Tommi"]
[Result "1-0"]
[Termination "normal"]
[Board "9.2"]
[WhiteElo "1151"]
[BlackElo "981"]
[WhiteTeam "Klub Kölner SF"]
[BlackTeam "VfL Gräfenhainichen"]
[PlyCount "75"]
[WhiteFideId "16249097"]
[BlackFideId "16255569"]
[EventCountry "GER"]
[EventRounds "7"]
[EventType "team-swiss"]
[EventDate "2017.12.26"]

1. e4 c5 2. Nf3 a6 3. d4 cxd4 4. Nxd4 Nf6 5. Nc3 e5 6. Nb3 Bb4 7. f3 d6 8. Be3
Nc6 9. Qd2 O-O 10. O-O-O Be6 11. a3 Bxc3 12. Qxc3 Qd7 13. Kb1 Rac8 14. Nc1 Ne7
15. Qd2 d5 16. Bg5 Nh5 17. Ne2 f6 18. Be3 d4 19. g4 dxe3 20. Qxd7 Bxd7 21. Rxd7
Nf4 22. Rxe7 Nxe2 23. Bxe2 Rcd8 24. Rxb7 Rd2 25. Re1 Rfd8 26. Bc4+ Kf8 27. Rxe3
Rc8 28. Bd3 Rxh2 29. Ra7 Rc6 30. Re2 Rh3 31. Rf2 h5 32. gxh5 Rxh5 33. Rxa6 Rxa6
34. Bxa6 f5 35. Be2 g6 36. f4 Rh4 37. exf5 gxf5 38. fxe5 1-0

[Event "DVM U12 2017"]
[Site "Magdeburg GER"]
[Date "2017.12.28"]
[Round "4"]
[White "Grunemann, Jonas"]
[Black "Tugui, David"]
[Result "0-1"]
[Termination "normal"]
[Board "9.3"]
[WhiteElo "964"]
[BlackElo "1168"]
[WhiteTeam "VfL Gräfenhainichen"]
[BlackTeam "Klub Kölner SF"]
[PlyCount "60"]
[WhiteFideId "16255577"]
[BlackFideId "16255518"]
[EventCountry "GER"]
[EventRounds "7"]
[EventType "team-swiss"]
[EventDate "2017.12.26"]

1. e4 e5 2. Nf3 Nc6 3. Nc3 Nf6 4. Bb5 Bb4 5. O-O d6 6. d3 Bg4 7. Bg5 a6 8. Ba4
b5 9. Bb3 Nd4 10. Nd5 Bc5 11. c3 Nxf3+ 12. gxf3 Bh3 13. Re1 h6 14. Bxf6 gxf6
15. f4 Rg8+ 16. Kh1 Bg2+ 17. Kg1 Bf3+ 18. Kf1 Bxd1 19. Raxd1 c6 20. Ne3 Bxe3
21. fxe3 Ke7 22. Re2 Rg7 23. Ke1 Qg8 24. Kd2 Rg2 25. Rxg2 Qxg2+ 26. Kc1 Qxh2
27. f5 Qg3 28. Kd2 Qf2+ 29. Kc1 Qxe3+ 30. Kc2 Rh8 0-1